Russell's soil conditions and plant growth

Bibliographic Details
Other Authors: Weld, Alan
Format: Book
Language:English
Published: Harlow : English Language Book Society/Longman Group , c1988
Edition:Eleventh Edition
Subjects:

MARC

LEADER 00000cam a2200000 7i4500
001 0000002256
005 20230710.0
008 991128 -uk eng
020 |a 0582006181 (pbk) 
040 |a INS 
090 0 0 |a S591   |b .R84 1988 
245 0 0 |a Russell's soil conditions and plant growth   |c edited by Alan Weld 
246 0 0 |a Soil conditions and plant growth 
250 |a Eleventh Edition 
260 |a Harlow :   |b English Language Book Society/Longman Group ,   |c c1988 
300 |a ix, 991 p. :   |b ill. ;   |c 23 cm. 
504 |a Includes bibliographical references and index 
650 0 |a Crops and soils 
650 0 |a Soil science 
700 1 |a Weld, Alan 
999 |a 0000003828   |b BOOK   |c Open Shelf   |e Default branch